000
00330nam a22001457a 4500
003
OSt
005
20160727222352.0
008
160622b xxu||||| |||| 00| 0 eng d
040
_c
Test
100
_9
427
_a
Lambert, L
245
_a
Battle for Israel
260
_a
USA
_b
Iyndale
_c
1979
300
_a
Battle for Israel
942
_2
ddc
_c
BK
999
_c
350
_d
350